logo

Bir Sreshtho Munshi Abdur Rouf Library
Jhenaidah Cadet College

রাসসুন্দরী থেকে রোকেয়া : (Record no. 9021)

MARC details
000 -LEADER
fixed length control field 00799nam a2200241 a 4500
001 - CONTROL NUMBER
JCCL Control Number 9021
003 - CONTROL NUMBER IDENTIFIER
JCCL marc code BD-JhCC
005 - DATE AND TIME OF LATEST TRANSACTION
control field 20180520143949.0
008 - FIXED-LENGTH DATA ELEMENTS--GENERAL INFORMATION
fixed length control field 171111s1993 bg |||| ||a| 000 0 ben d
020 ## - INTERNATIONAL STANDARD BOOK NUMBER
International Standard Book Number 9840740741
035 ## - SYSTEM CONTROL NUMBER
system control number (BD-JhCC)9021
040 ## - CATALOGING SOURCE
Original cataloging agency BD-JhCC
Modifying agency BD-JhCC
041 ## - LANGUAGE CODE
Language code of Book ben
082 ## - DEWEY DECIMAL CLASSIFICATION NUMBER
Classification number 305.42095492
Author mark and Year MUR 1993
100 ## - MAIN ENTRY--PERSONAL NAME
Personal name মুরশিদ, গোলাম
245 ## - TITLE STATEMENT
Title রাসসুন্দরী থেকে রোকেয়া :
Remainder of title নারী প্রগতির একশো বছর /
Statement of responsibility, etc গোলাম মুরশিদ
260 ## - PUBLICATION, DISTRIBUTION, ETC. (IMPRINT)
Place of publication, distribution, etc ঢাকা :
Name of publisher, distributor, etc বাংলা একাডেমী,
Date of publication, distribution, etc ১৯৯৩.
300 ## - PHYSICAL DESCRIPTION
Pagination 167 p. :
Dimensions 22 cm.
650 ## - SUBJECT ADDED ENTRY--TOPICAL TERM
Topical term or geographic name as entry element Woman
650 ## - SUBJECT ADDED ENTRY--TOPICAL TERM
Topical term or geographic name as entry element Social Condition
Geographic subdivision Bangladesh
942 ## - ADDED ENTRY ELEMENTS (KOHA)
Source of classification or shelving scheme Dewey Decimal Classification
Koha item type Books
Holdings
Source of classification or shelving scheme Damaged status Not for loan Home library Current library Shelving location Date of accession Cost, normal purchase price Total Checkouts Full call number Barcode Date last seen Copy number Koha item type
Dewey Decimal Classification     JCC Rouf Library JCC Rouf Library General Stacks 03/07/2018 100.00   305.42095492 MUR 1993 11926 03/07/2018 C-1 Books

JCC Library | Contacts | JCC Home

Last Update on 23 September 2017
Copyright @ 2017-2020 JCC Rouf Library
Rouf Library, Jhenidah Cadet College (JCC), Bangladesh